Warstwy modelu OSI - Statystyki

Ogólne statystyki
  • Ten quiz został rozwiązany 77 razy
  • Średni wynik to 5 z 7
Statystyki odpowiedzi
Numer Nazwa warstwy % Poprawnych
1 Warstwa aplikacji
84%
7 Warstwa fizyczna
79%
4 Warstwa transportowa
72%
6 Warstwa łącza danych
67%
5 Warstwa sieciowa
67%
2 Warstwa prezentacji
60%
3 Warstwa sesji
58%
Nie znaleziono quizów pasujących do podanych kryteriów
Rozkład punktacji
Procent ludzi z każdym wynikiem
Percentyl według liczby udzielonych odpowiedzi
Twoja historia wyników
Nie rozwiązałeś tego quizu